000 00950cam a2200229 4500
001 WB3702-31
008 000000n2001 000 0 eng u
035 _a(Sirsi) u110299
245 _aCountryside stewardship 2001
260 _c2001
490 _aMAFF Press Release
_v(04/01) 8 January 2001, (2)
520 _aMAFF launches the Countryside Stewardship Application Handbook for 2001 and plans to recruit over 3,000 farmers and landowners to join the government scheme to channel agricultural subsidies into the environment and rural development. A copy of the new handbook with application forms can be found at http://www.maffweb/aboutmaf/regulat/agri-env.countstew.
590 _aWB
650 _aCOUNTRYSIDE STEWARDSHIP
650 _aGOVERNMENT SUBSIDIES
650 _aAGRI-ENVIRONMENT SCHEMES
650 _aFARMERS
650 _aLANDOWNERS
650 _aNATURE CONSERVATION
690 _aRURAL-NATURE CONSERVATION
942 _n0
999 _c65775
_d65775